Studies on heat sensitization of natural rubber latex using poly vinyl methyl ether as sensitizer (Record no. 74486)

MARC details
000 -LEADER
fixed length control field 00428nam a2200133Ia 4500
100 ## - MAIN ENTRY--AUTHOR NAME
Personal name Shera Mathew
245 #0 - TITLE STATEMENT
Title Studies on heat sensitization of natural rubber latex using poly vinyl methyl ether as sensitizer
260 ## - PUBLICATION, DISTRIBUTION, ETC. (IMPRINT)
Name of publisher Cochin University of Science and Technology
Place of publication Kochi
Year of publication 1998
300 ## - PHYSICAL DESCRIPTION
Number of Pages 75
500 ## - GENERAL NOTE
General note Course: M.Tech
700 ## - ADDED ENTRY--PERSONAL NAME
Personal name KS Gopalakrishnan
942 ## - ADDED ENTRY ELEMENTS (KOHA)
Koha item type Theses
Holdings
Withdrawn status Lost status Damaged status Not for loan Collection code Home library Current library Shelving location Date acquired Koha item type
      Theses Dissertation RRII Library RRII Library Rubber technology 31/12/2021 Theses